00309nam a2200133Ia 45000030006000000080041000060400015000471000035000622450019000972500010001162600020001265460012001460050017001580STCL150530s9999 xx 000 0 und d aSTCLcSTCL aLamb; Hailward; Cantab; Editor aEssays of Elia aFirst bMacmillanc1977 aEnglish20220125171133.0